[Event "HUN KO-ch Men 2019"]
[Site "Budapest"]
[Date "2019.12.11"]
[Round "1.2"]
[White "Sipos, Istvan"]
[Black "Papp, Gabor"]
[Result "0-1"]
[WhiteElo "2473"]
[BlackElo "2582"]
[Annotator "ChessBase"]
[PlyCount "57"]
[EventDate "2019.12.10"]
[EventType "k.o."]
[EventCountry "HUN"]
[SourceTitle "playchess.com"]
[Source "ChessBase"]
[SourceQuality "1"]
[TimeControl "40/5400+30:1800+30"]

1. d4 {[%emt 0:00:12]} Nf6 {[%emt 0:00:17]} 2. c4 {[%emt 0:00:06]} e6 {[%emt 0:00:17]} 3. Nc3 {[%emt 0:00:15]} d5 {[%emt 0:00:38]} 4. Nf3 {[%emt 0:00:45]} c5 {[%emt 0:00:51]} 5. cxd5 {[%emt 0:05:41]} Nxd5 {[%emt 0:00:15]} 6. e3 {[%emt 0:01:33]} cxd4 {[%emt 0:00:22]} 7. exd4 {[%emt 0:00:14]} Nxc3 {[%emt 0:00:06]} 8. bxc3 {[%emt 0:00:04]} Qc7 {[%emt 0:00:05]} 9. Bd2 {[%emt 0:07:13]} Nd7 {[%emt 0:00:52]} 10. Bd3 {[%emt 0:00:59]} b6 {[%emt 0:00:15]} 11. Ng5 {[%emt 0:06:10]} Bb7 {[%emt 0:04:00]} 12. Qg4 {[%emt 0:03:48]} Nf6 {[%emt 0:02:03]} 13. Bb5+ {[%emt 0:02:32]} Bc6 {[%emt 0:00:13]} 14. Qe2 {[%emt 0:28:24]} Bd6 {[%emt 0:10:43]} 15. O-O {[%emt 0:19:10]} Bxh2+ {[%emt 0:09:51]} 16. Kh1 {[%emt 0:00:04]} Bd6 {[%emt 0:00:04]} 17. d5 {[%emt 0:04:49]} Nxd5 {[%emt 0:10:45]} 18. Rae1 {[%emt 0:03:03]} O-O {[%emt 0:03:29]} 19. Qe4 {[%emt 0:01:11]} g6 {[%emt 0:00:11]} 20. Qh4 {[%emt 0:04:10]} Nf6 {[%emt 0:09:11]} 21. Bxc6 {[%emt 0:01:54]} Qxc6 {[%emt 0:00:07]} 22. c4 {[%emt 0:01:40]} Rac8 {[%emt 0:07:22]} 23. Bc3 {[%emt 0:02:03]} e5 {[%emt 0:00:04]} 24. f4 {[%emt 0:03:49]} Qxc4 {[%emt 0:01:22]} 25. Ba1 {[%emt 0:01:32]} h5 {[%emt 0:03:05]} 26. Qh3 {[%emt 0:00:56]} Ng4 {[%emt 0:01:31]} 27. Ne4 {[%emt 0:00:23]} Bb4 {[%emt 0:01:14]} 28. fxe5 {[%emt 0:00:49]} Bxe1 {[%emt 0:00:24]} 29. Rxe1 0-1

[Event "HUN KO-ch Men 2019"]
[Site "Budapest"]
[Date "2019.12.11"]
[Round "1.3"]
[White "Berkes, Ferenc"]
[Black "Horvath, Csaba"]
[Result "1/2-1/2"]
[WhiteElo "2656"]
[BlackElo "2513"]
[Annotator "ChessBase"]
[PlyCount "112"]
[EventDate "2019.12.10"]
[EventType "k.o."]
[EventCountry "HUN"]
[SourceTitle "playchess.com"]
[Source "ChessBase"]
[SourceQuality "1"]
[TimeControl "900+5"]

1. d4 {[%emt 0:00:02]} Nf6 {[%emt 0:00:01]} 2. Nf3 {[%emt 0:00:05]} b6 {[%emt 0:00:01]} 3. c4 {[%emt 0:00:04]} e6 {[%emt 0:00:01]} 4. a3 {[%emt 0:00:01]} Bb7 {[%emt 0:00:02]} 5. Bf4 {[%emt 0:00:02]} d6 {[%emt 0:00:19]} 6. Nc3 {[%emt 0:00:07]} Nbd7 {[%emt 0:00:01]} 7. Qc2 {[%emt 0:00:10]} g6 {[%emt 0:00:13]} 8. e4 {[%emt 0:00:02]} Bg7 {[%emt 0:00:01]} 9. Rd1 {[%emt 0:00:11]} O-O {[%emt 0:00:11]} 10. Be2 {[%emt 0:00:02]} Qe7 {[%emt 0:00:37]} 11. Bg5 {[%emt 0:00:57]} h6 {[%emt 0:00:05]} 12. Bc1 {[%emt 0:00:01]} c5 {[%emt 0:01:08]} 13. d5 {[%emt 0:00:04]} exd5 {[%emt 0:00:21]} 14. exd5 {[%emt 0:00:03]} a6 {[%emt 0:02:19]} 15. O-O {[%emt 0:00:03]} Rae8 {[%emt 0:00:49]} 16. Rfe1 {[%emt 0:00:03]} Ne5 {[%emt 0:00:09]} 17. Nxe5 {[%emt 0:02:06]} Qxe5 {[%emt 0:00:07]} 18. Bd2 {[%emt 0:00:03]} Qe7 {[%emt 0:00:29]} 19. h3 {[%emt 0:01:54]} Qc7 {[%emt 0:00:18]} 20. Bf4 {[%emt 0:00:28]} Nd7 {[%emt 0:00:18]} 21. Bf1 {[%emt 0:00:36]} Bc8 {[%emt 0:00:39]} 22. Bg3 {[%emt 0:01:13]} Ne5 {[%emt 0:00:10]} 23. Qd2 {[%emt 0:00:38]} Kh7 {[%emt 0:00:27]} 24. f4 {[%emt 0:00:15]} Nd7 {[%emt 0:00:04]} 25. Bd3 {[%emt 0:00:06]} Bd4+ {[%emt 0:00:24]} 26. Bf2 {[%emt 0:00:03]} Bg7 {[%emt 0:00:28]} 27. Kh1 {[%emt 0:00:23]} f5 {[%emt 0:00:06]} 28. Kh2 {[%emt 0:02:26]} Nf6 {[%emt 0:00:07]} 29. Bh4 {[%emt 0:00:01]} Nh5 {[%emt 0:01:07]} 30. Kh1 {[%emt 0:00:05]} Bd4 {[%emt 0:00:12]} 31. Bf2 {[%emt 0:00:42]} Qg7 {[%emt 0:00:34]} 32. g3 {[%emt 0:00:09]} Bd7 {[%emt 0:00:09]} 33. Kh2 {[%emt 0:00:05]} Rxe1 {[%emt 0:00:50]} 34. Rxe1 {[%emt 0:00:01]} Re8 {[%emt 0:00:01]} 35. Rxe8 {[%emt 0:00:12]} Bxe8 {[%emt 0:00:01]} 36. Qe1 {[%emt 0:00:12]} Bxf2 {[%emt 0:00:41]} 37. Qxf2 {[%emt 0:00:01]} Bd7 {[%emt 0:00:20]} 38. Qe3 {[%emt 0:00:17]} Nf6 {[%emt 0:00:08]} 39. Bc2 {[%emt 0:00:32]} Ng8 {[%emt 0:00:11]} 40. Kg2 {[%emt 0:00:48]} Qe7 {[%emt 0:00:12]} 41. Kf2 {[%emt 0:00:02]} Kg7 {[%emt 0:00:06]} 42. Ba4 {[%emt 0:00:19]} Qxe3+ {[%emt 0:00:25]} 43. Kxe3 {[%emt 0:00:01]} Nf6 {[%emt 0:00:00]} 44. b4 {[%emt 0:00:20]} Bxa4 {[%emt 0:00:34]} 45. Nxa4 {[%emt 0:00:01]} Nd7 {[%emt 0:00:00]} 46. Nc3 {[%emt 0:00:41]} Kf6 {[%emt 0:00:06]} 47. b5 {[%emt 0:00:15]} a5 {[%emt 0:00:11]} 48. g4 {[%emt 0:00:19]} h5 {[%emt 0:01:33]} 49. Kf3 {[%emt 0:00:14]} hxg4+ {[%emt 0:00:13]} 50. hxg4 {[%emt 0:00:01]} g5 {[%emt 0:00:32]} 51. gxf5 {[%emt 0:01:20]} Kxf5 {[%emt 0:00:07]} 52. Ne4 {[%emt 0:00:01]} gxf4 {[%emt 0:00:10]} 53. Nxd6+ {[%emt 0:00:01]} Ke5 {[%emt 0:00:01]} 54. Nf7+ {[%emt 0:00:04]} Kf6 {[%emt 0:00:25]} 55. Nd6 {[%emt 0:00:01]} Ke5 {[%emt 0:00:06]} 56. Nf7+ {[%emt 0:00:02]} Kf6 {[%emt 0:00:04]} 1/2-1/2

[Event "HUN KO-ch Men 2019"]
[Site "Budapest"]
[Date "2019.12.10"]
[Round "1.3"]
[White "Banusz, Tamas"]
[Black "Aczel, Gergely"]
[Result "1/2-1/2"]
[WhiteElo "2621"]
[BlackElo "2523"]
[Annotator "TA"]
[PlyCount "110"]
[EventDate "2019.12.10"]
[EventType "k.o."]
[EventCountry "HUN"]
[SourceTitle "playchess.com"]
[Source "ChessBase"]
[SourceQuality "1"]

{[%evp 18,110,0,0,0,0,0,0,0,-11,-12,-17,-14,-29,-26,-24,0,-7,0,0,0,0,0,0,21,13,18,0,0,0,16,16,21,18,84,84,90,83,87,91,85,93,49,41,55,50,67,31,38,35,38,13,104,104,104,104,104,46,50,47,53,46,172,54,54,58,68,25,31,8,8,8,8,0,0,0,8,8,8,8,8,8,8,8,8,8,8,0,0,0,0,0,0,0,0]} 1. Nf3 d5 2. g3 c6 3. Bg2 Bf5 4. d4 e6 5. c4 Nf6 6. Nc3 h6 7. O-O Be7 8. Qb3 Qb6 9. c5 Qxb3 10. axb3 O-O {D11: Slav Defence: 3 Nf3 sidelines and 3...Nf6 4 e3 Bg4} 11. b4 a6 12. h4 Nbd7 13. Bf4 Ne4 14. Nxe4 Bxe4 15. Nd2 $146 ({Predecessor:} 15. Ne5 Bxg2 16. Kxg2 Nxe5 17. Bxe5 {½-½ (79) Wickenfeld,S (2020)-Bluebaum,M (2413) playchess.com INT 2012}) 15... Bxg2 16. Kxg2 f6 17. h5 e5 18. Be3 b6 19. cxb6 Bxb4 20. Nb3 Nxb6 21. dxe5 Nc4 22. Bc5 Bxc5 23. Nxc5 fxe5 24. b3 Nd6 25. Rfc1 a5 (25... Nb5 $11 {remains equal.}) 26. Nd7 $36 {[%mdl 2112] [#] Double Attack, Discovered Attack. White is in control.} Rf7 27. Nxe5 {[%mdl 64] Double Attack} Re7 28. f4 Nf7 29. Nxc6 Rxe2+ 30. Kh3 Nd6 31. Re1 Rd2 32. Rad1 Ne4 33. Rxd2 Nxd2 $14 {[%mdl 4096] Endgame KRN-KRN} 34. Re3 Ne4 (34... Ra6 $11 35. Ne7+ Kf7 36. Nxd5 Rd6) 35. Ne7+ $16 Kf7 36. Nxd5 Nf6 37. Nb6 (37. Re7+ $16 Kf8 38. Re5) 37... Ra6 $14 38. Nc4 Nxh5 39. Re5 g5 (39... Nf6 $14) 40. Nxa5 ({White has to play} 40. fxg5 $18 {Black must now prevent Kg4.} hxg5 41. Rxg5) 40... Kg6 41. fxg5 hxg5 42. Rc5 Nf6 43. b4 g4+ {The position is equal.} 44. Kg2 Ne4 45. Re5 Nc3 46. Rc5 Ne4 47. Rc6+ (47. Rc2 {seems wilder.} Rb6 48. Nc6 Kg5 49. Rc4 Nd6 50. Rc5+) 47... Rxc6 48. Nxc6 $11 {Threatening b5. KN-KN} Kf6 49. b5 {[%cal Bb4b5,Bb5b6][%mdl 32]} Ke6 50. b6 Nc5 51. Na5 {And now b7 would win.} Kd7 52. Kf2 {Hoping for Ke3.} Ne4+ 53. Ke3 Nxg3 54. Kf4 {[%mdl 64] [#] Double Attack} Ne2+ 55. Kxg4 Nc3 {Accuracy: White = 45%, Black = 65%.} 1/2-1/2

[Event "HUN KO-ch Men 2019"]
[Site "Budapest"]
[Date "2019.12.11"]
[Round "1.3"]
[White "Nemeth, Miklos"]
[Black "Hera, Imre Jr."]
[Result "1/2-1/2"]
[WhiteElo "2496"]
[BlackElo "2619"]
[Annotator "ChessBase"]
[PlyCount "110"]
[EventDate "2019.12.10"]
[EventType "k.o."]
[EventCountry "HUN"]
[SourceTitle "playchess.com"]
[Source "ChessBase"]
[SourceQuality "1"]
[TimeControl "900+5"]

1. e4 {[%emt 0:00:02]} e5 {[%emt 0:00:01]} 2. Nf3 {[%emt 0:00:01]} Nc6 {[%emt 0:00:01]} 3. Bc4 {[%emt 0:00:01]} Bc5 {[%emt 0:00:02]} 4. a3 {[%emt 0:00:03]} d6 {[%emt 0:00:13]} 5. b4 {[%emt 0:00:13]} Bb6 {[%emt 0:00:01]} 6. d3 {[%emt 0:00:02]} Nf6 {[%emt 0:00:05]} 7. Be3 {[%emt 0:00:11]} O-O {[%emt 0:00:11]} 8. O-O {[%emt 0:00:22]} Bg4 {[%emt 0:00:53]} 9. h3 {[%emt 0:00:15]} Bh5 {[%emt 0:00:02]} 10. Nbd2 {[%emt 0:00:41]} Nd4 {[%emt 0:00:01]} 11. c3 {[%emt 0:00:05]} Nxf3+ {[%emt 0:00:35]} 12. Nxf3 {[%emt 0:00:02]} c6 {[%emt 0:00:08]} 13. Bxb6 {[%emt 0:00:15]} axb6 {[%emt 0:00:02]} 14. Qe2 {[%emt 0:00:09]} Re8 {[%emt 0:00:31]} 15. Bb3 {[%emt 0:01:10]} d5 {[%emt 0:00:32]} 16. Qe3 {[%emt 0:01:16]} h6 {[%emt 0:00:45]} 17. Nh4 {[%emt 0:01:35]} b5 {[%emt 0:01:14]} 18. Qg3 {[%emt 0:00:54]} Kh8 {[%emt 0:00:28]} 19. Rfe1 {[%emt 0:00:30]} dxe4 {[%emt 0:01:41]} 20. dxe4 {[%emt 0:00:04]} Qd2 {[%emt 0:00:31]} 21. Nf5 {[%emt 0:00:28]} Qg5 {[%emt 0:00:52]} 22. Qxg5 {[%emt 0:00:20]} hxg5 {[%emt 0:00:02]} 23. g4 {[%emt 0:00:06]} Bg6 {[%emt 0:00:00]} 24. Nd6 {[%emt 0:00:01]} Re7 {[%emt 0:00:01]} 25. f3 {[%emt 0:01:51]} Kg8 {[%emt 0:00:22]} 26. Red1 {[%emt 0:00:07]} Kf8 {[%emt 0:00:41]} 27. Kf2 {[%emt 0:00:34]} Rd7 {[%emt 0:00:45]} 28. c4 {[%emt 0:00:27]} Ke7 {[%emt 0:00:28]} 29. c5 {[%emt 0:00:09]} Ne8 {[%emt 0:00:12]} 30. Nxe8 {[%emt 0:00:25]} Kxe8 {[%emt 0:00:08]} 31. Rxd7 {[%emt 0:00:16]} Kxd7 {[%emt 0:00:02]} 32. a4 {[%emt 0:00:18]} bxa4 {[%emt 0:00:10]} 33. Rxa4 {[%emt 0:00:02]} Rd8 {[%emt 0:00:44]} 34. Ra1 {[%emt 0:01:07]} Kc7 {[%emt 0:00:01]} 35. Rd1 {[%emt 0:00:01]} Ra8 {[%emt 0:00:25]} 36. Ke2 {[%emt 0:00:10]} Rh8 {[%emt 0:01:03]} 37. Rh1 f6 38. Bc4 {[%emt 0:00:16]} Be8 {[%emt 0:00:11]} 39. Ke3 {[%emt 0:00:11]} Bd7 {[%emt 0:00:03]} 40. Bf7 {[%emt 0:00:11]} Kd8 {[%emt 0:00:20]} 41. Rh2 {[%emt 0:00:24]} Ke7 {[%emt 0:00:05]} 42. Bc4 {[%emt 0:00:01]} g6 {[%emt 0:00:26]} 43. Bf1 {[%emt 0:00:19]} Ra8 {[%emt 0:00:17]} 44. Rb2 {[%emt 0:00:07]} Ra3+ {[%emt 0:00:06]} 45. Kf2 {[%emt 0:00:10]} Be6 {[%emt 0:00:10]} 46. Be2 {[%emt 0:00:06]} f5 {[%emt 0:00:40]} 47. Kg2 {[%emt 0:00:41]} fxe4 {[%emt 0:00:13]} 48. fxe4 {[%emt 0:00:01]} Re3 {[%emt 0:00:19]} 49. Bf3 {[%emt 0:00:02]} Bc4 {[%emt 0:00:06]} 50. Kf2 {[%emt 0:00:03]} Ra3 {[%emt 0:00:06]} 51. Bg2 {[%emt 0:00:05]} Rc3 {[%emt 0:00:46]} 52. Ke1 {[%emt 0:00:14]} Re3+ {[%emt 0:00:05]} 53. Kf2 {[%emt 0:00:03]} Rc3 {[%emt 0:00:01]} 54. Ke1 {[%emt 0:00:01]} Re3+ {[%emt 0:00:07]} 55. Kf2 {[%emt 0:00:00]} Rc3 {[%emt 0:00:21]} 1/2-1/2

[Event "HUN KO-ch Men 2019"]
[Site "Budapest"]
[Date "2019.12.11"]
[Round "1.4"]
[White "Hera, Imre Jr."]
[Black "Nemeth, Miklos"]
[Result "1-0"]
[WhiteElo "2619"]
[BlackElo "2496"]
[Annotator "TA"]
[PlyCount "71"]
[EventDate "2019.12.10"]
[EventType "k.o."]
[EventCountry "HUN"]
[SourceTitle "playchess.com"]
[Source "ChessBase"]
[SourceQuality "1"]

{[%evp 18,73,22,27,60,43,66,-9,36,37,32,13,62,67,77,80,111,109,131,136,131,118,240,239,271,237,312,306,314,302,344,344,348,352,351,343,360,348,469,459,472,480,797,778,826,819,841,803,1133,881,855,920,905,884,1075,1053,1034,915]} 1. c4 Nf6 2. g3 e6 3. Bg2 d5 4. Nf3 Be7 5. O-O O-O 6. b3 c5 7. cxd5 exd5 8. d4 Nc6 9. Bb2 Bf5 10. Nc3 Rc8 {D30: Queen's Gambit Declined: Systems without Nc3} (10... Re8 11. Rc1 b6 12. Ne5 Rc8 13. Nxc6 Rxc6 14. dxc5 Rxc5 15. b4 Rc7 16. a3 Be6 17. Qd3 Qd7 18. Rfd1 {½-½ (72) Usmanov,V (2467)-Gogolev,A (2420) St Petersburg 2017}) 11. Rc1 Qa5 12. e3 $146 (12. dxc5 $14 Rfd8 13. Na4) ({Predecessor:} 12. dxc5 Bxc5 13. a3 Qd8 14. e3 Be7 15. Nd4 Bg4 16. Nxc6 bxc6 17. Qd3 Qd7 18. e4 {1-0 (38) Grabliauskas,V (2333)-Brazdzionis,A (2132) Palanga 2015}) 12... Rfd8 {The position is equal.} 13. dxc5 Bxc5 14. Ne2 Be7 15. a3 {[%cal Ba2a3,Ba3a4][%mdl 32]} Be4 16. b4 Qb6 {[#]} 17. Nc3 $1 a5 18. b5 Bxf3 19. Qxf3 Na7 (19... Bf8 $16) 20. a4 $18 Qe6 21. Ne2 Qe4 22. Bd4 Rxc1 23. Rxc1 ({Weaker is} 23. Nxc1 Nc8 $16) 23... Qxf3 24. Bxf3 Nc8 25. Rc7 b6 26. Nc3 Bd6 27. Rc6 Ne7 28. Rxb6 {White is clearly winning.} Bb4 29. Ra6 Rc8 (29... Kf8 $142 30. b6 Nd7) 30. b6 {[%cal Bb5b6,Bb6b7][%mdl 32]} Nd7 31. b7 Rb8 32. Nxd5 Nf5 33. Ra8 Nxd4 34. exd4 Bd6 35. Bg4 Nf8 {[#]} 36. Rxb8 {Played: Nd5-e7} 1-0

[Event "HUN KO-ch Men 2019"]
[Site "Budapest"]
[Date "2019.12.10"]
[Round "1.4"]
[White "Hera, Imre Jr."]
[Black "Nemeth, Miklos"]
[Result "1/2-1/2"]
[WhiteElo "2619"]
[BlackElo "2496"]
[Annotator "TA"]
[PlyCount "100"]
[EventDate "2019.12.10"]
[EventType "k.o."]
[EventCountry "HUN"]
[SourceTitle "playchess.com"]
[Source "ChessBase"]
[SourceQuality "1"]

{[%evp 19,100,-43,-43,-45,-32,-33,-33,-43,-25,-39,0,-41,-33,-41,-24,-39,-29,-52,-49,-51,-33,-23,-21,-16,-30,-33,-22,-41,-35,-23,0,-118,-1,-159,-156,-224,-201,-218,-206,-177,-183,-177,-187,-206,-205,-192,-188,-169,-156,-176,-169,-185,-175,-202,-170,-166,-175,-170,-168,-153,-91,-181,-151,-177,-107,-171,-110,-122,-112,-111,-19,-17,-11,-17,-16,-61,0,0,0,-60,0,0,0]} 1. Nf3 Nf6 2. g3 e6 3. Bg2 d5 4. O-O Be7 5. d3 O-O 6. Nbd2 c5 7. e4 Nc6 8. Re1 b5 9. e5 Nd7 10. Nf1 Bb7 11. h4 {C00: French: Unusual White 2nd moves} Re8 (11... Qc7 12. Bf4 Rfc8 13. Ne3 Qd8 14. Ng4 Bf8 15. Bg5 Qe8 16. c3 h6 17. Bf4 a5 18. Qd2 b4 19. c4 Ne7 20. h5 {1-0 (59) Kuzubov,Y (2699)-Grischuk,A (2772) Riadh 2017}) 12. N1h2 Bf8 13. Ng4 {Black is slightly better.} h6 14. c3 $146 ({Predecessor:} 14. h5 b4 15. Bf4 a5 16. Qd2 a4 17. a3 bxa3 18. bxa3 Nd4 {1-0 (48) Khotenashvili,B (2453)-Melia,S (2376) Vani 2019}) 14... b4 15. Bf4 bxc3 16. bxc3 Ne7 17. h5 Rb8 18. Rb1 Qa5 19. Qc2 Bc6 20. Rxb8 Rxb8 21. Nf6+ $1 gxf6 22. exf6 Nf5 {[%cal Be7f5,Bf5d6,Bd6e4][%mdl 32] [#] White must now prevent ...Bd6.} 23. Bxb8 Nxb8 24. Ne5 Be8 25. Bh3 (25. Bxd5 $1 $11 {was the only way to keep the balance.} exd5 26. Qe2 Qxc3 27. Qg4+ Bg7 28. Re2 Qc1+ 29. Kg2) 25... Qd8 (25... Nd6 $17 26. Qc1 Nd7) 26. Qb3 $2 ({White has to play} 26. Bxf5 $1 $11 exf5 27. Qe2) 26... Nd6 $36 {[%mdl 2048] Keeping White busy.} 27. Qa3 (27. c4 $17) 27... Nd7 28. Nxd7 Qxd7 29. Qxc5 {[#]} Ne4 $1 {[%mdl 512]} 30. Qa5 (30. dxe4 Bxc5) 30... Nxf6 31. c4 dxc4 32. dxc4 Qd4 {aiming for ...Bc5.} 33. Qe5 Bc5 34. Qxd4 Bxd4 35. Bg2 Kf8 ({Much less strong is} 35... Nxh5 36. c5 $17) 36. Rc1 Bc5 37. Bf3 Ke7 38. Rb1 Bb6 39. g4 e5 (39... Bd7 $142 {Threatens to win with ...e5.} 40. Kg2 e5) 40. Kg2 (40. g5 $17) 40... e4 41. Be2 Nh7 (41... Bd7 $19 42. Kg3 Kd6 43. Rd1+ Kc6) 42. f4 (42. c5 $17 Bxc5 43. Bb5) 42... exf3+ (42... Bd7 $19 43. Kg3 f5) 43. Bxf3 Bd7 44. Re1+ Be6 (44... Kd6 $17 45. Rd1+ Kc7) 45. Bd5 $11 Ng5 46. Bxe6 fxe6 47. Rc1 Kd6 48. Rf1 {Strongly threatening Rf6.} Ke7 49. Rc1 Kd6 (49... Bd4 $15) 50. Rf1 {Rf6 is the strong threat.} Ke5 {Accuracy: White = 42%, Black = 44%.} 1/2-1/2

[Event "HUN KO-ch Men 2019"]
[Site "Budapest"]
[Date "2019.12.11"]
[Round "1.4"]
[White "Horvath, Csaba"]
[Black "Berkes, Ferenc"]
[Result "1/2-1/2"]
[WhiteElo "2513"]
[BlackElo "2656"]
[Annotator "TA"]
[PlyCount "44"]
[EventDate "2019.12.10"]
[EventType "k.o."]
[EventCountry "HUN"]
[SourceTitle "playchess.com"]
[Source "ChessBase"]
[SourceQuality "1"]

{[%evp 9,44,0,0,9,13,0,22,0,4,0,-4,-11,-14,-7,-10,-16,15,9,12,0,21,15,18,-45,-30,-26,-7,-9,4,-26,-19,-42,0,0,0,0,6]} 1. d4 d5 2. c4 c6 3. Nf3 Nf6 4. Nbd2 Bf5 5. Nh4 Be4 6. Qb3 {D11: Slav Defence: 3 Nf3 sidelines and 3...Nf6 4 e3 Bg4} (6. Nxe4 Nxe4 7. Nf3 e6 8. a3 Nd7 9. e3 Bd6 10. Bd3 f5 11. O-O O-O 12. b4 Qf6 {0-1 (56) Ipatov,A (2650)-Robson,R (2653) Saint Louis 2019}) 6... Qc7 7. Nxe4 dxe4 8. Nf5 $146 ({Predecessor:} 8. g3 e6 9. Ng2 c5 10. d5 exd5 11. cxd5 c4 12. Qa4+ Nbd7 {0-1 (49) Chevannes,S (2200)-Sebag,M (2510) Warsaw 2013}) 8... Nbd7 {[#] And now ...Qa5+ would win.} 9. Ng3 e5 10. e3 h5 11. Be2 h4 12. Nf1 $1 a5 {[%cal Ba7a5,Ba5a4,Ba4a3][%mdl 32]} 13. Bd2 a4 14. Qc2 Bd6 15. Bc3 O-O 16. O-O-O ({Better is} 16. c5 $11 Be7 17. Nd2) 16... Rfe8 17. Kb1 a3 (17... b5 $5) 18. b3 Rad8 19. g4 Nh7 20. Nd2 Ng5 21. c5 $1 {[%cal Rc5d6]} (21. Nxe4 Nxe4 22. Qxe4 exd4 $17) 21... Bf8 22. Nc4 {White wants to play Ba5.} ({Reject} 22. Nxe4 Nxe4 23. Qxe4 exd4 $17 {[%mdl 64] Discovered Attack}) 22... Ra8 {Accuracy: White = 62%, Black = 49%.} 1/2-1/2

[Event "HUN KO-ch Men 2019"]
[Site "Budapest"]
[Date "2019.12.11"]
[Round "1.5"]
[White "Horvath, Csaba"]
[Black "Berkes, Ferenc"]
[Result "1-0"]
[WhiteElo "2513"]
[BlackElo "2656"]
[Annotator "TA"]
[PlyCount "66"]
[EventDate "2019.12.10"]
[EventType "k.o."]
[EventCountry "HUN"]
[SourceTitle "playchess.com"]
[Source "ChessBase"]
[SourceQuality "1"]

{[%evp 9,66,18,14,0,29,2,19,-7,-16,-20,10,10,10,8,20,-4,-2,0,0,-1,0,0,13,4,20,23,18,25,13,27,64,55,56,64,61,61,71,73,89,34,93,94,77,89,383,89,88,0,381,400,447,445,1612,1592,1535,1527,1510,1486,29991]} 1. Nf3 d5 2. e3 Nf6 3. c4 c6 4. Nc3 a6 5. b3 Bf5 6. Bb2 {A11: English Opening: 1...c6} (6. Be2 h6 7. Ba3 Nbd7 8. O-O e6 9. Bxf8 Nxf8 10. b4 N8d7 11. Nd4 Bh7 12. cxd5 cxd5 13. Nb3 {1-0 (66) Naiditsch,A (2734)-Svane,R (2594) Caleta 2019}) 6... Nbd7 7. Be2 e5 $146 ({Predecessor:} 7... h6 8. cxd5 cxd5 9. O-O e5 10. d4 e4 11. Ne5 Bd6 12. f4 exf3 13. Rxf3 {0-1 (30) Krasenkow,M (2622)-Antoniewski,R (2608) Katowice 2010}) 8. cxd5 {The position is equal.} cxd5 9. d3 Bd6 10. O-O O-O 11. e4 Be6 12. Ng5 Qe7 13. Nxe6 fxe6 14. a3 Rac8 15. b4 {[%cal Bb3b4,Bb4a5][%mdl 32]} Kh8 16. Rc1 a5 17. bxa5 Bxa3 18. Qb3 Bxb2 19. Qxb2 Nc5 20. Qb4 dxe4 21. dxe4 {Hoping for Na4.} Rfd8 22. Rfd1 Rxd1+ 23. Rxd1 Qc7 24. h3 (24. Nb5 $16 Qe7 25. f3) 24... h6 ({Black should play} 24... Na6 $1 $14 25. Bxa6 bxa6) 25. Nb5 $1 $16 {[%cal Rb5c7]} Qe7 26. Nd6 $36 {[%mdl 2048] White is in control.} Rc6 $2 {[%mdl 8192] [#]} (26... Rc7 $16 {is a better defense.}) 27. Nc4 $2 (27. Nxb7 $1 $18 {[%mdl 512] and the rest is easy.} Qxb7 (27... Nxb7 28. Qxe7) 28. Qxb7 Nxb7 29. a6 Rxa6 30. Bxa6) 27... Qc7 28. Nb6 (28. f3 $16) 28... Rd6 $2 {[%mdl 8192]} (28... Ncxe4 $11 29. Bc4 Kg8) 29. Rc1 $18 Rc6 30. Bb5 {White is clearly winning.} Nd3 (30... Nb3 $142 31. Rxc6 bxc6) 31. Qf8+ Kh7 32. Rxc6 bxc6 33. Bxd3 Qd8 {Accuracy: White = 51%, Black = 33%.} 1-0

[Event "HUN KO-ch Men 2019"]
[Site "Budapest"]
[Date "2019.12.10"]
[Round "1.5"]
[White "Kaczur, Florian"]
[Black "Erdos, Viktor"]
[Result "1/2-1/2"]
[WhiteElo "2478"]
[BlackElo "2609"]
[Annotator "TA"]
[PlyCount "69"]
[EventDate "2019.12.10"]
[EventType "k.o."]
[EventCountry "HUN"]
[SourceTitle "playchess.com"]
[Source "ChessBase"]
[SourceQuality "1"]

{[%evp 26,69,15,-11,5,0,0,7,7,8,2,0,0,0,0,0,0,0,0,0,0,0,0,-21,0,-4,9,12,23,8,9,4,14,0,18,16,12,5,9,0,0,0,0,0,0,-14]} 1. e4 e5 2. Nf3 Nc6 3. Bb5 a6 4. Ba4 Nf6 5. O-O Be7 6. Re1 b5 7. Bb3 d6 8. c3 O-O 9. h3 Re8 10. d4 Bb7 11. Nbd2 Bf8 12. d5 Nb8 13. Nf1 Nbd7 14. N3h2 c6 {C92: Closed Ruy Lopez: 9...Be6, Karpov and Flohr-Zaitsev Variations} 15. dxc6 Bxc6 16. Bg5 Qc7 17. Qf3 (17. Ng3 a5 18. Bxf6 Nxf6 19. Ng4 Nxg4 20. hxg4 a4 21. Bd5 Bxd5 22. Qxd5 {½-½ (39) Hou,Y (2654)-Vitiugov,N (2735) Karlsruhe/Baden-Baden 2018}) 17... a5 18. Bxf6 Nxf6 19. Ng4 Nxg4 20. hxg4 a4 21. Bc2 Be7 22. Rad1 Bg5 $146 ({Predecessor:} 22... Reb8 23. a3 Bd7 24. Ne3 Bg5 25. Nd5 Qc8 {½-½ (25) Jonckheere,P (2325)-Ackermann,E (2155) ICCF email 2015}) 23. Ne3 Bd7 24. Rd3 (24. a3 {seems wilder.} Rab8 25. Nd5 Qc8 26. Ne3 Rb6 27. Bd3) 24... Bxe3 (24... Rab8 {is interesting.} 25. Nd5 Qc8 26. Bd1 Re6 27. Qf5 Bd8) 25. Rexe3 b4 26. Qd1 Reb8 27. b3 {[%cal Rb3a4]} Ra6 {The position is equal.} 28. g5 {[%cal Rb3a4]} Be6 29. Qf3 Rc6 30. c4 axb3 31. axb3 Qe7 32. Qh5 Ra8 33. Bd1 Ra1 34. Kh2 Ra2 35. Re2 {Accuracy: White = 74%, Black = 60%.} 1/2-1/2

[Event "HUN KO-ch Men 2019"]
[Site "Budapest"]
[Date "2019.12.11"]
[Round "1.6"]
[White "Berkes, Ferenc"]
[Black "Horvath, Csaba"]
[Result "*"]
[WhiteElo "2656"]
[BlackElo "2513"]
[Annotator "TA"]
[PlyCount "23"]
[EventDate "2019.12.10"]
[EventType "k.o."]
[EventCountry "HUN"]
[SourceTitle "playchess.com"]
[Source "ChessBase"]
[SourceQuality "1"]

{[%evp 21,23,0,0,-17]} 1. d4 Nf6 2. c4 c6 3. Nf3 d5 4. Nc3 dxc4 5. a4 Bf5 6. e3 e6 7. Bxc4 Nbd7 8. O-O Bb4 9. Nh4 O-O 10. Nxf5 exf5 11. Qc2 g6 12. Qd1 $146 {D18: Slav Defence: 5 a4 Bf5 6 e3} ({Predecessor:} 12. f3 Nb6 13. Ba2 Re8 14. Qf2 Nbd5 15. Bd2 Qa5 16. Rac1 Bxc3 17. bxc3 Qxa4 18. Bb1 Re6 19. e4 Rae8 20. Bd3 {1-0 (39) Moiseenko,A (2648)-Gharamian,T (2626) Bastia 2016}) *